| 000 | 00368nam a2200145Ia 4500 | ||
|---|---|---|---|
| 008 | 230917s9999||||xx |||||||||||||| ||und|| | ||
| 040 |
_e178747 _aMAIN |
||
| 041 | _aEnglish | ||
| 082 | _a338.4791 A44T(2) | ||
| 100 | _aAcharya, Ram | ||
| 245 | 0 | _aTourism and cultural heritage of India | |
| 260 |
_aJaipur _bRBSA Publishers _c2007 |
||
| 300 | _a252 p. | ||
| 942 | _cBK | ||
| 999 |
_c153695 _d153695 |
||